| 000 | 01853nam0a22002891 4500 | ||
|---|---|---|---|
| 001 | rc\3577478 | ||
| 005 | 20260408150328.0 | ||
| 021 |
_aRU _b72-69810 |
||
| 021 |
_aRU _bРг2011-73 |
||
| 035 | _a(NLR Aleph) 007695178 | ||
| 090 |
_a6684464 _c6684464 |
||
| 100 | _a20130115d1972 u y0rusy50 ca | ||
| 101 | 0 | _arus | |
| 102 | _aRU | ||
| 105 | _aa z ||||| | ||
| 200 | 1 |
_aТезисы докладов к всесоюзной школе "Передовые методы труда при монтаже сельскохозяйственных производственных зданий из облегченных полносборных конструкций", состоявшейся в г. Егорьевске 13-15 сентября 1972 года _fГосстрой СССР. Главмособлстрой |
|
| 210 |
_aМосква _cБ. и. _d1972 |
||
| 215 |
_a64 с., разд. паг., 7 л. ил. _d20 |
||
| 320 | _aБиблиогр. в конце докл. | ||
| 532 | 1 | 3 | _aТезисы докладов к всесоюзной школе Передовые методы труда при монтаже сельскохозяйственных производственных зданий из облегченных полносборных конструкций, состоявшейся в г. Егорьевске 13-15 сентября 1972 года |
| 710 | 1 | 2 |
_a"Передовые методы труда при монтаже сельскохозяйственных производственных зданий из облегченных полносборных конструкций", всесоюзная школа _eЕгорьевск _f1972 _92692662 _3RU\NLR\AUTH\880637317 |
| 801 | 0 |
_aRU _bNLR _gpsbo |
|
| 801 | 1 |
_aRU _bELAR _2rusmarc |
|
| 852 |
_aNLR _j72-3/11968 |
||
| 942 | _cBOOK | ||
| 980 | _aNB | ||